000 00556nam a2200217 i 4500
001 bg
100 1 _aZDANUKIEWICZ, Alina
245 1 0 _aTechnologia powłok galwanicznych /
_cAlina Zdanukiewicz.
250 _aWyd. 2.
260 _aWarszawa :
_bWSiP,
_c1975.
650 9 _aElektrochemia
650 9 _aInżynieria powierzchni
650 9 _aGalwanotechnika
650 9 _aPowłoki ochronne
655 _aPodręczniki
040 _cBPK
041 0 _apol
080 _a621.357:620.197](07)
942 _cKS
008 s pl f |000 0 pol
999 _c7767
_d7767
856 _uhttp://koha.tu.koszalin.pl/cgi-bin/koha/opac-detail.pl?biblionumber=7767
_yKatalog online BPK